000 01049nam 22001813 4500
001 199671
090 _a199671
100 _a20251219d u||y0pory50 ba
200 _aHistoria dos estabelecimentos scientificos, litterarios e artisticos de Portugal nos successivos reinados da monarchia
_fpor José Silvestre Ribeiro
210 _aLisboa
_cTyp. da Academia Real das Sciencias
_d1871-1893
215 _a11 v.
_cencadernado
_d26 cm
330 _atomo 1 : 1871. - xi, [3], 521,[2] p. tomo 2: 1872. -xi, [3], 477p. tomo 3: 1873. - xi, [3], 476, [1] p. tomo 4 : 1874. - xi,[3], 489 p. tomo 5: 1876. - xi, [3], 473, [2] p. tomo 6: 1876. - xiii, [3] , 474, [1] p. tomo 7: 1878. - xi, [3], 475, [2] p. tomo 8: 1879. -reinado da senhora D. Maria II : (conclusão do periodo de 1834-1853). -[8], 495, [1] p. tomo 9: 1881. -xiii, 493, [2] p. tomo 10: 1882. -xx, [3], 514 p.
606 _95170
_aCiências Sociais Educação
675 _a37.01
_vPT
_zpor
702 _92949
_aRibeiro
_bJosé Manuel
801 _aPT
_bBMMN
_gRPC
830 _cAna
_fAna
990 _cLIVROS